[Event "Eesti noorte klubide mv-sed"]
[Site "Kohtla-Järve"]
[Date "2020.09.26"]
[Round "2.3"]
[White "Lehes, Erik Johannes"]
[Black "Nikitin, Arseni"]
[Result "0-1"]
[WhiteElo "1131"]
[BlackElo "1573"]
[PlyCount "110"]
[EventDate "2020.09.25"]
[EventType "team"]
[EventCountry "EST"]
[SourceVersionDate "2020.10.16"]
[WhiteTeam "Tartu Kalev"]
[BlackTeam "SK Maletäht 1"]

1. d4 Nf6 2. Nf3 e6 3. e3 b6 4. Nbd2 Bb7 5. Bd3 d5 6. Ne5 Bd6 7. f4 c5 8. c3 c4
9. Bc2 Nbd7 10. Ndf3 Qe7 11. O-O h6 12. Bd2 a6 13. Qe1 O-O-O 14. b3 cxb3 15.
axb3 g5 16. Nxd7 Nxd7 17. Ne5 Kc7 18. Bd3 Ra8 19. Qe2 Nb8 20. Rf2 Rg8 21. Qf1
f5 22. Qe2 g4 23. g3 h5 24. Be1 Qe8 25. Kg2 Bxe5 26. fxe5 a5 27. Bb5 Ba6 28.
Bxe8 Bxe2 29. Rxe2 Rxe8 30. b4 Nd7 31. b5 Kb7 32. Ra4 Rec8 33. Rea2 Rc7 34. Kf2
Rac8 35. R2a3 Nf8 36. Ke2 Ng6 37. Kd3 Nh8 38. Ra2 Nf7 39. R2a3 Ng5 40. Ra1 Nf3
41. R4a3 Nxh2 42. Bf2 Nf3 43. Rh1 Rh7 44. Rh4 Nxh4 45. gxh4 g3 46. Bxg3 Rg7 47.
Bf4 Rg1 48. Bg5 Rb1 49. Kc2 Rxb5 50. Ra4 Rc4 51. Rxc4 dxc4 52. Be7 Kc6 53. Bd6
Kd5 54. Be7 Ke4 55. Bg5 a4 0-1

[Event "Eesti noorte klubide mv-sed"]
[Site "Kohtla-Järve"]
[Date "2020.09.26"]
[Round "2.4"]
[White "Lazojev, Mark"]
[Black "Õim, Mikk Kaarel"]
[Result "1/2-1/2"]
[WhiteElo "1210"]
[BlackElo "1191"]
[PlyCount "76"]
[EventDate "2020.09.25"]
[EventType "team"]
[EventCountry "EST"]
[SourceVersionDate "2020.10.16"]
[WhiteTeam "SK Maletäht 1"]
[BlackTeam "Tartu Kalev"]

1. c4 e5 2. Nc3 Nf6 3. g3 c6 4. Bg2 d6 5. d3 Bf5 6. Rb1 a6 7. b4 Qc8 8. a4 Be6
9. Qb3 Nbd7 10. e3 Nb6 11. b5 axb5 12. axb5 c5 13. Nge2 Be7 14. O-O O-O 15. Rd1
Rd8 16. e4 h6 17. Bb2 Nh7 18. f4 Bg4 19. Rf1 Bf6 20. f5 Bxe2 21. Nxe2 Qc7 22.
Ra1 Bg5 23. Rxa8 Rxa8 24. Ra1 Nf6 25. Rxa8+ Nxa8 26. Bc1 Qa5 27. Qa3 Be3+ 28.
Kf1 Qxa3 29. Bxa3 Nb6 30. h3 Nh5 31. Bf3 Nf6 32. Bc1 Bd4 33. Nxd4 exd4 34. Bf4
Ne8 35. e5 dxe5 36. Bxe5 Nd7 37. Bf4 b6 38. Bc6 Nef6 1/2-1/2

[Event "Eesti noorte klubide mv-sed"]
[Site "Kohtla-Järve"]
[Date "2020.09.26"]
[Round "2.5"]
[White "Pool, Linda Maria"]
[Black "Blohhin, Sofia"]
[Result "1/2-1/2"]
[WhiteElo "1148"]
[BlackElo "1947"]
[PlyCount "115"]
[EventDate "2020.09.25"]
[EventType "team"]
[EventCountry "EST"]
[SourceVersionDate "2020.10.16"]
[WhiteTeam "Tartu Kalev"]
[BlackTeam "SK Maletäht 1"]

1. d4 f5 2. Qd3 e6 3. g4 fxg4 4. h3 g3 5. fxg3 Nf6 6. Bg2 d5 7. Nc3 Bd6 8. e4
dxe4 9. Nxe4 Nc6 10. Nxd6+ Qxd6 11. Ne2 O-O 12. O-O e5 13. c3 exd4 14. Nxd4 Be6
15. Bf4 Qd7 16. Rfe1 Bxh3 17. Bxh3 Qxh3 18. Nxc6 bxc6 19. Bxc7 Ng4 20. Re2 Rae8
21. Rg2 Rf6 22. Qc4+ Kh8 23. Bf4 h6 24. Qd4 Rfe6 25. Qd2 R6e7 26. Rd1 Kg8 27.
c4 g5 28. Bd6 Re6 29. c5 Ne3 30. Rh2 Qg4 31. Rc1 Nc4 32. Qc3 Nxd6 33. cxd6 Rxd6
34. Rf2 h5 35. Qb3+ Qe6 36. Qxe6+ Rdxe6 37. b3 Kg7 38. Rcf1 R8e7 39. Kg2 Re2
40. a4 R2e3 41. b4 Re2 42. b5 cxb5 43. axb5 Rxf2+ 44. Rxf2 Kg6 45. Kh3 Rb7 46.
Ra2 Rxb5 47. Rxa7 Rb2 48. Ra6+ Kf5 49. Ra5+ Kf6 50. Ra6+ Ke7 51. Rh6 Kf7 52.
Rxh5 Kg6 53. Rh8 Kf5 54. Rf8+ Kg6 55. Rg8+ Kf6 56. Rf8+ Kg6 57. Rg8+ Kf6 58.
Rf8+ 1/2-1/2

[Event "Eesti noorte klubide mv-sed"]
[Site "Kohtla-Järve"]
[Date "2020.09.26"]
[Round "2.6"]
[White "Poluektova, Arina"]
[Black "Karba, Kertu"]
[Result "1/2-1/2"]
[WhiteElo "1241"]
[BlackElo "1212"]
[PlyCount "100"]
[EventDate "2020.09.25"]
[EventType "team"]
[EventCountry "EST"]
[SourceVersionDate "2020.10.16"]
[WhiteTeam "SK Maletäht 1"]
[BlackTeam "Tartu Kalev"]

1. e4 e6 2. d4 d5 3. e5 c5 4. c3 c4 5. b3 b5 6. a4 bxa4 7. bxc4 dxc4 8. Qxa4+
Nd7 9. Bxc4 Be7 10. Qa5 Qxa5 11. Rxa5 Bd8 12. Ra1 Bb7 13. f3 Bc6 14. Nd2 h6 15.
Ba3 Ne7 16. Ne2 Bd5 17. Bxd5 Nxd5 18. Nc4 Bc7 19. Bd6 Bxd6 20. Nxd6+ Ke7 21.
Kf2 f6 22. f4 fxe5 23. fxe5 Rhf8+ 24. Kg1 Nf4 25. Nxf4 Rxf4 26. Rf1 Raf8 27.
Rxf4 Rxf4 28. h3 Rf8 29. Kh2 Nb6 30. Ra1 Ra8 31. c4 a5 32. c5 Nd5 33. Nc4 a4
34. Ra3 Ra6 35. Nb2 Nc3 36. g4 Nb5 37. Rxa4 Rxa4 38. Nxa4 Nxd4 39. Kg3 g5 40.
Nb6 Kd8 41. Kf2 Nb3 42. Ke3 Nxc5 43. Nc4 Nb7 44. Kd4 Kc7 45. Nd2 Kc6 46. Ne4
Nd8 47. Kc4 Kd7 48. Nf6+ Kc6 49. Ne4 Nf7 50. Kd4 Nd8 1/2-1/2

[Event "Eesti noorte klubide mv-sed"]
[Site "Kohtla-Järve"]
[Date "2020.09.26"]
[Round "3.1"]
[White "Andrijashkin, Deniss"]
[Black "Timoshin, Andrei"]
[Result "1/2-1/2"]
[WhiteElo "1950"]
[BlackElo "2126"]
[PlyCount "47"]
[EventDate "2020.09.25"]
[EventType "team"]
[EventCountry "EST"]
[SourceVersionDate "2020.10.16"]
[WhiteTeam "SK Maletäht 1"]
[BlackTeam "Kohtla-Järve Kalev"]

1. g3 d5 2. Bg2 g6 3. d3 Bg7 4. Nf3 e5 5. O-O Nc6 6. e4 Nge7 7. Nc3 dxe4 8.
dxe4 Qxd1 9. Rxd1 Bg4 10. Be3 O-O 11. h3 Bxf3 12. Bxf3 Nd4 13. Bxd4 exd4 14.
Nd5 Nxd5 15. exd5 Rac8 16. Re1 Bf6 17. Rad1 c6 18. dxc6 bxc6 19. b3 Rfd8 20.
Be2 a5 21. a4 h5 22. h4 Be7 23. Ba6 Rc7 24. Re4 1/2-1/2

[Event "Eesti noorte klubide mv-sed"]
[Site "Kohtla-Järve"]
[Date "2020.09.26"]
[Round "3.2"]
[White "Kuldmaa, Tanel"]
[Black "Aga, Rihard"]
[Result "0-1"]
[WhiteElo "1383"]
[BlackElo "1974"]
[PlyCount "74"]
[EventDate "2020.09.25"]
[EventType "team"]
[EventCountry "EST"]
[SourceVersionDate "2020.10.16"]
[WhiteTeam "Kohtla-Järve Kalev"]
[BlackTeam "SK Maletäht 1"]

1. d4 Nf6 2. c4 g6 3. Nc3 d5 4. e3 Bg7 5. Nf3 O-O 6. Bd3 c5 7. O-O dxc4 8. Bxc4
Nc6 9. dxc5 Qa5 10. Qe2 Bg4 11. h3 Bh5 12. Nd5 Bxf3 13. Qxf3 Qxc5 14. Nxf6+
Bxf6 15. Bb3 Rad8 16. Rb1 Rd6 17. Rd1 Rfd8 18. Rxd6 Rxd6 19. Qe2 Nb4 20. Bd2
Nd3 21. Bc3 Bxc3 22. bxc3 Qxc3 23. Qf3 Rf6 24. Qxb7 Rxf2 25. Qxe7 Qd2 26. Qd8+
Kg7 27. Qd4+ f6 28. Qd5 Qxe3 29. Kh1 Rf5 30. Qf7+ Kh6 31. Qf8+ Kg5 32. Qd6 Nf2+
33. Kh2 Nxh3 34. Be6 Re5 35. Qb4 Rxe6 36. gxh3 Qf2+ 37. Kh1 Qf3+ 0-1

[Event "Eesti noorte klubide mv-sed"]
[Site "Kohtla-Järve"]
[Date "2020.09.26"]
[Round "3.3"]
[White "Nikitin, Arseni"]
[Black "East, Marek"]
[Result "1-0"]
[WhiteElo "1573"]
[BlackElo "1391"]
[PlyCount "45"]
[EventDate "2020.09.25"]
[EventType "team"]
[EventCountry "EST"]
[SourceVersionDate "2020.10.16"]
[WhiteTeam "SK Maletäht 1"]
[BlackTeam "Kohtla-Järve Kalev"]

1. e4 e5 2. Nf3 Nc6 3. Bc4 Bc5 4. b4 Bxb4 5. c3 Bc5 6. d4 exd4 7. cxd4 Bb4+ 8.
Bd2 Bxd2+ 9. Nbxd2 d6 10. O-O Nge7 11. Ng5 d5 12. exd5 Nxd5 13. Re1+ Nce7 14.
Qh5 g6 15. Qh6 f6 16. Nxh7 Kd7 17. Ne4 c6 18. Nexf6+ Nxf6 19. Nxf6+ Kc7 20.
Qf4+ Kb6 21. Rab1+ Ka5 22. Qd2+ Ka4 23. Qb4# 1-0

[Event "Eesti noorte klubide mv-sed"]
[Site "Kohtla-Järve"]
[Date "2020.09.26"]
[Round "3.4"]
[White "Gridin, Maksim"]
[Black "Lazojev, Mark"]
[Result "0-1"]
[WhiteElo "1267"]
[BlackElo "1210"]
[PlyCount "58"]
[EventDate "2020.09.25"]
[EventType "team"]
[EventCountry "EST"]
[SourceVersionDate "2020.10.16"]
[WhiteTeam "Kohtla-Järve Kalev"]
[BlackTeam "SK Maletäht 1"]

1. c4 e5 2. Nf3 Nc6 3. Nc3 Nf6 4. d4 exd4 5. Nxd4 Bb4 6. Bg5 h6 7. Nxc6 bxc6 8.
Bd2 O-O 9. a3 Bxc3 10. Bxc3 Ne4 11. Bb4 c5 12. Ba5 Qf6 13. f3 Qh4+ 14. g3 Nxg3
15. Kd2 Nxh1 16. Bxc7 d6 17. e3 Qxh2+ 18. Kc1 Qe5 19. e4 Qd4 20. Qxd4 cxd4 21.
Bg2 Nf2 22. f4 Bb7 23. Bxd6 Rfe8 24. b4 Bxe4 25. Bxe4 Rxe4 26. Kd2 Rae8 27. c5
Re2+ 28. Kc1 Nd3+ 29. Kb1 Rb2# 0-1

[Event "Eesti noorte klubide mv-sed"]
[Site "Kohtla-Järve"]
[Date "2020.09.26"]
[Round "3.5"]
[White "Blohhin, Sofia"]
[Black "Barkasheva, Sofia"]
[Result "0-1"]
[WhiteElo "1947"]
[BlackElo "1657"]
[PlyCount "88"]
[EventDate "2020.09.25"]
[EventType "team"]
[EventCountry "EST"]
[SourceVersionDate "2020.10.16"]
[WhiteTeam "SK Maletäht 1"]
[BlackTeam "Kohtla-Järve Kalev"]

1. e4 c5 2. Nf3 e6 3. d4 cxd4 4. Nxd4 a6 5. Nc3 Qc7 6. a3 Nf6 7. f3 Nc6 8. Be3
Ne5 9. g4 d6 10. g5 Nfd7 11. f4 Nc4 12. Bxc4 Qxc4 13. Qd2 b5 14. O-O-O Rb8 15.
Qe2 Qc7 16. f5 Ne5 17. fxe6 fxe6 18. Nb3 Nc4 19. Bd4 a5 20. g6 b4 21. axb4 axb4
22. Nb1 e5 23. Bf2 hxg6 24. h4 Be6 25. Rhg1 Bf7 26. Rd3 Rc8 27. Be1 Na5 28.
Nxa5 Qxa5 29. b3 Qa2 30. Rf3 Qa5 31. Rgf1 Be6 32. Qg2 Kd7 33. Qd2 Qa2 34. Qd3
Qa5 35. Bg3 Be7 36. Rh1 Bg5+ 37. Kb2 Ra8 38. hxg5 Rxh1 39. Rf1 Rxf1 40. Qxf1
Qa2+ 41. Kc1 Rc8 42. Qb5+ Ke7 43. c4 bxc3 44. Qd3 Qb2+ 0-1

[Event "Eesti noorte klubide mv-sed"]
[Site "Kohtla-Järve"]
[Date "2020.09.26"]
[Round "3.6"]
[White "Dadon, Eva"]
[Black "Poluektova, Arina"]
[Result "0-1"]
[WhiteElo "1000"]
[BlackElo "1241"]
[PlyCount "96"]
[EventDate "2020.09.25"]
[EventType "team"]
[EventCountry "EST"]
[SourceVersionDate "2020.10.16"]
[WhiteTeam "Kohtla-Järve Kalev"]
[BlackTeam "SK Maletäht 1"]

1. e4 c5 2. Nc3 e6 3. g3 d5 4. Bg2 d4 5. Nce2 e5 6. f4 Nc6 7. d3 Bd6 8. c3 Nge7
9. cxd4 exd4 10. e5 Bc7 11. Nh3 Ba5+ 12. Bd2 Bxd2+ 13. Qxd2 h6 14. Qc2 Qb6 15.
Qc4 Qb4+ 16. Qxb4 Nxb4 17. Rd1 Nxa2 18. Ra1 Nb4 19. Ra5 a6 20. Ra3 Nc2+ 21. Kd2
Nxa3 22. bxa3 Rb8 23. Nf2 Bf5 24. g4 Bh7 25. Rc1 b6 26. a4 O-O 27. f5 Rfc8 28.
f6 gxf6 29. exf6 Nc6 30. Bd5 Nb4 31. Bc4 b5 32. axb5 axb5 33. Bb3 Na6 34. Ne4
Bxe4 35. dxe4 Rd8 36. Nf4 c4 37. Ba2 c3+ 38. Kd3 Nb4+ 39. Ke2 Nxa2 40. Rc2 Ra8
41. Kd1 d3 42. Rg2 c2+ 43. Rxc2 dxc2+ 44. Kxc2 b4 45. Kb3 Ra3+ 46. Kc4 Rc3+ 47.
Kb5 Rb8+ 48. Ka4 Ra3# 0-1

[Event "Eesti noorte klubide mv-sed"]
[Site "Kohtla-Järve"]
[Date "2020.09.26"]
[Round "3.1"]
[White "Vaino, Nikita"]
[Black "Pedmanson, Herman"]
[Result "1/2-1/2"]
[WhiteElo "1752"]
[BlackElo "1867"]
[PlyCount "40"]
[EventDate "2020.09.25"]
[EventType "team"]
[EventCountry "EST"]
[SourceVersionDate "2020.10.16"]
[WhiteTeam "SK Maletäht 2"]
[BlackTeam "Tartu Kalev"]

1. c4 g6 2. Nc3 Bg7 3. g3 d6 4. Bg2 c6 5. d3 e5 6. e4 Ne7 7. Nge2 O-O 8. O-O a5
9. Rb1 Na6 10. a3 Nc5 11. b4 axb4 12. axb4 Ne6 13. Qb3 c5 14. Nd5 Nc6 15. Be3
Ned4 16. Nxd4 Nxd4 17. Bxd4 cxd4 18. Ra1 Be6 19. Rxa8 Qxa8 20. Nc7 Qc8 1/2-1/2

[Event "Eesti noorte klubide mv-sed"]
[Site "Kohtla-Järve"]
[Date "2020.09.26"]
[Round "3.2"]
[White "Raide, Sivert"]
[Black "Rikas, Artur"]
[Result "0-1"]
[WhiteElo "1356"]
[BlackElo "1563"]
[PlyCount "82"]
[EventDate "2020.09.25"]
[EventType "team"]
[EventCountry "EST"]
[SourceVersionDate "2020.10.16"]
[WhiteTeam "Tartu Kalev"]
[BlackTeam "SK Maletäht 2"]

1. d4 d5 2. Nf3 Nf6 3. Bf4 e6 4. e3 Bd6 5. Bg3 O-O 6. Bd3 c5 7. c3 Nc6 8. Nbd2
b6 9. e4 dxe4 10. Nxe4 Be7 11. dxc5 bxc5 12. O-O Nd5 13. Ned2 f5 14. Be5 Nxe5
15. Nxe5 Bb7 16. Bb5 Qc7 17. Ndc4 Bf6 18. Re1 Rad8 19. Qf3 g5 20. Qg3 Nf4 21.
f3 Rd5 22. h4 Nd3 23. f4 Nxf4 24. Qe3 Nxg2 25. Qe2 Nxh4 26. Nd7 Rxd7 27. Qxe6+
Rdf7 28. Nd6 Kg7 29. Qxf7+ Qxf7 30. Nxf7 Nf3+ 31. Kf2 Nxe1 32. Nd6 Nc2 33. Rc1
Nd4 34. cxd4 Bxd4+ 35. Kf1 Bf3 36. Re1 Kg6 37. Re6+ Bf6 38. Be8+ Kg7 39. Nxf5+
Kh8 40. Nh6 Bd5 41. Nf7+ Kg7 0-1

[Event "Eesti noorte klubide mv-sed"]
[Site "Kohtla-Järve"]
[Date "2020.09.26"]
[Round "3.3"]
[White "Sadekov, Maksim"]
[Black "Pedmanson, Albert"]
[Result "1-0"]
[WhiteElo "1684"]
[BlackElo "1836"]
[PlyCount "99"]
[EventDate "2020.09.25"]
[EventType "team"]
[EventCountry "EST"]
[SourceVersionDate "2020.10.16"]
[WhiteTeam "SK Maletäht 2"]
[BlackTeam "Tartu Kalev"]

1. d4 c5 2. d5 Nf6 3. c4 b5 4. cxb5 a6 5. b6 Qxb6 6. Nc3 d6 7. e4 g6 8. Be2 Bg7
9. Nf3 O-O 10. O-O Bd7 11. Rb1 Bb5 12. h3 Bxe2 13. Qxe2 Nfd7 14. Bf4 Qa5 15. e5
dxe5 16. Nxe5 Nxe5 17. Bxe5 Bxe5 18. Qxe5 Re8 19. Rfe1 Nd7 20. Qf4 Qb6 21. Ne4
Rad8 22. b3 Qb4 23. a3 Qxa3 24. Ng5 Nf6 25. d6 Qb4 26. Re4 Qb8 27. dxe7 Qxf4 $4
(27... Rd6 $3 $13) 28. exd8=Q Qxe4 29. Nxe4 Rxd8 30. Nxf6+ Kg7 31. Ne4 Rc8 32.
Rc1 f5 33. Nxc5 Kf7 34. Rc4 Rb8 35. Nxa6 Rxb3 36. Rc7+ Kg8 37. Nc5 Ra3 38. Ne6
Ra8 39. Rg7+ Kh8 40. Re7 Kg8 41. Kh2 Ra6 42. Kg3 Ra4 43. f4 Re4 44. Kh4 h5 45.
Rg7+ Kh8 46. Rxg6 Kh7 47. Rg7+ Kh8 48. Re7 Re2 49. Re8+ Kh7 50. Nf8+ 1-0

[Event "Eesti noorte klubide mv-sed"]
[Site "Kohtla-Järve"]
[Date "2020.09.26"]
[Round "3.4"]
[White "Õim, Mikk Kaarel"]
[Black "Rodin, Robert"]
[Result "0-1"]
[WhiteElo "1191"]
[BlackElo "1136"]
[PlyCount "120"]
[EventDate "2020.09.25"]
[EventType "team"]
[EventCountry "EST"]
[SourceVersionDate "2020.10.16"]
[WhiteTeam "Tartu Kalev"]
[BlackTeam "SK Maletäht 2"]

1. e4 e5 2. Nf3 Nc6 3. Bc4 Bc5 4. d3 h6 5. O-O d6 6. h3 Nf6 7. a4 Be6 8. Bxe6
fxe6 9. Re1 Qe7 10. Nbd2 a6 11. Nf1 Nd4 12. Nh4 Qf7 13. c3 Nc6 14. Be3 Bxe3 15.
Nxe3 Rf8 16. Nf3 g5 17. Re2 Ne7 18. Nh2 Ng6 19. g3 h5 20. Ng2 h4 21. g4 Nd7 22.
d4 Nf4 23. Nxf4 Qxf4 24. Qb3 O-O-O 25. Rf1 Rde8 26. Qc2 Re7 27. Re3 Qf6 28. Rf3
Qg7 29. Rd1 Rxf3 30. Nxf3 Qf6 31. Kg2 Rf7 32. Qe2 exd4 33. cxd4 e5 34. dxe5
Nxe5 35. Nxe5 Qxe5 36. Rd5 Qe7 37. Qe3 Rf4 38. f3 c6 39. Rd4 Qe5 40. Qc3 Rf7
41. f4 Qxf4 42. Qe1 Qf3+ 43. Kh2 Qf4+ 44. Kg2 c5 45. Rd2 Re7 46. Re2 Qe5 47.
Kf1 Kc7 48. Qa5+ Kc8 49. Qe1 b6 50. b3 Kc7 51. a5 b5 52. Qc1 Rf7+ 53. Kg1 Rf3
54. Qc2 Qa1+ 55. Kh2 Qe5+ 56. Kg1 Rxh3 57. Rf2 Rg3+ 58. Rg2 Qd4+ 59. Kh2 Qe5
60. Kg1 h3 0-1

[Event "Eesti noorte klubide mv-sed"]
[Site "Kohtla-Järve"]
[Date "2020.09.26"]
[Round "3.5"]
[White "Ivanova, Ksenja"]
[Black "Pool, Linda Maria"]
[Result "0-1"]
[WhiteElo "1028"]
[BlackElo "1148"]
[PlyCount "108"]
[EventDate "2020.09.25"]
[EventType "team"]
[EventCountry "EST"]
[SourceVersionDate "2020.10.16"]
[WhiteTeam "SK Maletäht 2"]
[BlackTeam "Tartu Kalev"]

1. e4 d5 2. exd5 Qxd5 3. Nc3 Qd6 4. Nf3 Nf6 5. d3 a6 6. h3 b5 7. a3 Bb7 8. Be2
e6 9. Be3 Be7 10. Qd2 O-O 11. O-O Nbd7 12. b4 c5 13. bxc5 Nxc5 14. Rfe1 Rac8
15. Bf4 Qb6 16. Be3 Nd5 17. Rec1 Nxe3 18. Qxe3 Qc7 19. Qd2 Bf6 20. Ra2 Rfd8 21.
Qe1 Nd7 22. Ne4 Bxe4 23. dxe4 Bc3 24. Qd1 Nf6 25. Bd3 Nxe4 26. Qe2 Nc5 27. Qe3
Nxd3 28. cxd3 Qd6 29. Rac2 Qxa3 30. d4 b4 31. Nd2 h6 32. Nb1 Qa5 33. Nxc3 bxc3
34. Rxc3 Rxc3 35. Rxc3 Qa1+ 36. Kh2 a5 37. Rd3 Qb2 38. Kh1 a4 39. Kh2 Ra8 40.
Ra3 Qb8+ 41. Kh1 Qd6 42. Qf3 Qd5 43. Qe3 Qc4 44. Qf3 Rd8 45. Rd3 Qb5 46. Qe3 e5
47. Qd2 exd4 48. Rxd4 Rxd4 49. Qxd4 Qa5 50. Qa1 a3 51. Qa2 Qb4 52. Kh2 Qb8+ 53.
g3 Qb2 54. Qxb2 axb2 0-1

[Event "Eesti noorte klubide mv-sed"]
[Site "Kohtla-Järve"]
[Date "2020.09.26"]
[Round "3.6"]
[White "Karba, Kertu"]
[Black "Rogaten, Varvara"]
[Result "0-1"]
[WhiteElo "1212"]
[BlackElo "1319"]
[PlyCount "126"]
[EventDate "2020.09.25"]
[EventType "team"]
[EventCountry "EST"]
[SourceVersionDate "2020.10.16"]
[WhiteTeam "Tartu Kalev"]
[BlackTeam "SK Maletäht 2"]

1. e4 e5 2. Nf3 Nc6 3. Bc4 Bc5 4. d3 h6 5. Nc3 Nf6 6. a4 O-O 7. O-O a6 8. Ba2
d6 9. h3 Bd7 10. Ne2 b5 11. axb5 axb5 12. Bd2 Qe7 13. Bb3 Rxa1 14. Qxa1 Rb8 15.
c3 Bb6 16. Qc1 Be6 17. Bxe6 Qxe6 18. Ng3 Nh7 19. Nf5 Ne7 20. Nxe7+ Qxe7 21. Re1
Qf6 22. d4 exd4 23. cxd4 Rc8 24. e5 dxe5 25. dxe5 Qf5 26. Qb1 Qe6 27. Be3 Bxe3
28. Rxe3 Rd8 29. Re1 Nf8 30. Qc1 c6 31. Qc3 Ng6 32. Nd4 Qd5 33. Nxc6 Rc8 34.
Rc1 Kh8 35. g3 Nxe5 36. Qxe5 Qxe5 37. Nxe5 Rxc1+ 38. Kg2 Kg8 39. Nd3 Rd1 40.
Nc5 Rd2 41. b3 Rc2 42. Nb7 Kf8 43. Nd6 b4 44. Nb5 Rd2 45. Na7 Rd3 46. Nc6 Rxb3
47. Nxb4 Rxb4 48. h4 Ke7 49. Kh3 g5 50. hxg5 hxg5 51. g4 Ke6 52. Kg3 Ke5 53. f3
f5 54. gxf5 Kxf5 55. Kf2 Kf4 56. Ke2 Rb3 57. Kd2 Rxf3 58. Ke2 g4 59. Kd2 g3 60.
Ke2 g2 61. Kd2 g1=Q 62. Ke2 Qg2+ 63. Ke1 Rf1# 0-1